| 000 | 00612nam a2200181Ia 4500 | ||
|---|---|---|---|
| 008 | 140609s9999 xx 000 0 und d | ||
| 020 | _a9781285191942 | ||
| 050 |
_aPN 4121 _b.K28 2014 |
||
| 100 | _aKeith, William. | ||
| 245 |
_aPublic speaking : _bchoices and responsibility / _cWilliam Keith, Christian O. Lundberg |
||
| 260 |
_aBoston, Mass. : _bWadsworth, Cengage Learning, _cc2014. |
||
| 300 |
_a310 p. : _bcol. ill. ; _c28 cm. |
||
| 500 | _aIncludes bibliographical references and index. | ||
| 521 | _aGE | ||
| 650 |
_aEnglish language _xRhetoric -- Textbooks. |
||
| 942 |
_kFOR _cBK |
||
| 999 |
_c117970 _d117970 |
||